Choice cuts : a savory selection of food writing from around the world and throughout history (Record no. 128827)

MARC details
000 -LEADER
fixed length control field 00555nam a2200181Ia 4500
008 - FIXED-LENGTH DATA ELEMENTS--GENERAL INFORMATION
fixed length control field 191130s2004##################000#0#eng##
020 ## - INTERNATIONAL STANDARD BOOK NUMBER
ISBN 9780142004937
082 ## - DEWEY DECIMAL CLASSIFICATION NUMBER
Classification number 641.5 KUR
100 ## - MAIN ENTRY--AUTHOR NAME
Personal name Kurlansky, Mark
245 ## - TITLE STATEMENT
Title Choice cuts : a savory selection of food writing from around the world and throughout history
Statement of responsibility, etc Mark Kurlansky
260 ## - PUBLICATION, DISTRIBUTION, ETC. (IMPRINT)
Place of publication New York
Name of publisher Penguin Book
Year of publication 2004
300 ## - PHYSICAL DESCRIPTION
Number of Pages xvii, 473 p. : ill
500 ## - GENERAL NOTE
General note Includes index
991 ## -
-- 310200
Holdings
Withdrawn status Lost status Damaged status Not for loan Home library Current library Shelving location Date acquired Full call number Accession Number Price effective from Koha item type
        Anna Centenary Library Anna Centenary Library 6TH FLOOR, A WING 12.10.2020 641.5 KUR 497583 12.10.2020 English Books

Find us on the map